[Event "St Petersburg-ch"]
[Site "St Petersburg"]
[Date "1996.??.??"]
[Round "10"]
[White "Svidler, Peter"]
[Black "Sakaev, Konstantin"]
[Result "1-0"]
[WhiteElo "2630"]
[BlackElo "2560"]
[Annotator "Svidler,P"]
[PlyCount "80"]
[EventDate "1996.04.??"]
[EventType "tourn"]
[EventRounds "13"]
[EventCountry "RUS"]
[EventCategory "11"]
[SourceTitle "CBM 056"]
[Source "ChessBase"]
[SourceDate "1997.02.01"]
[SourceVersion "1"]
[SourceVersionDate "1997.02.01"]
[SourceQuality "1"]

1. e4 e6 2. d4 d5 3. Nd2 a6 4. Ngf3 c5 5. dxc5 Bxc5 6. Bd3 Nc6 7. O-O Nge7 8.
a3 O-O 9. b4 Ba7 10. Bb2 Ng6 11. e5 $5 (11. c4 d4 (11... dxc4 12. Nxc4 b5 13.
Nce5 Ncxe5 14. Nxe5 Nxe5 15. Bxe5 Qg5 16. Bb2 Rd8 17. Qe2 e5 18. Kh1 Bg4 19. f3
Be6 20. Bc1 Qe7 21. Be3 Rd6 22. Rfc1 Rad8 23. Rc3 Bxe3 24. Qxe3 Bc4 25. Bf1 h6
26. h3 Be6 27. Rac1 Qh4 28. Qe1 Qh5 29. Qg3 {Ermenkov,N-Nikolic,P/TUN/1985/0,5/
29/}) 12. e5 Ncxe5 13. Nxe5 Nxe5 14. Bxh7+ Kxh7 15. Qh5+ Kg8 16. Qxe5 f6 17.
Qe4 e5 18. f4 f5 19. Qxe5 Re8 20. Qd5+ Qxd5 21. cxd5 Re2 22. Bc1 d3+ 23. Kh1 b5
24. Nf3 Bb7 25. Rd1 Bxd5 26. Rxd3 Bxf3 27. gxf3 Re1+ 28. Kg2 Rg1+ {
Sigurionsson,G-Korchnoi,V/Wijk aan Zee/1980/} 29. Kh3) 11... Nf4 (11... f6 12.
Bxg6 (12. exf6 gxf6 13. c4 Nf4 (13... d4 14. c5 e5 15. Bc4+ Kh8 16. Ne4 $14)
14. Nb3 dxc4 15. Bxc4 b5 $15) 12... hxg6 13. Nb3 g5 14. h3 fxe5 15. Nxe5 Rxf2
16. Rxf2 Bxf2+ 17. Kxf2 Qf6+ 18. Kg1 Nxe5 19. Qd4 Nc4 (19... Nd7 20. Re1 $13)
20. Qxf6 gxf6 21. Bxf6 g4 22. hxg4 e5 $10) 12. Nb3 Bd7 13. Qd2 Nxd3 14. cxd3 f6
$5 (14... Ne7 15. Bd4 (15. Rac1 Rc8 16. Rxc8 Bxc8 17. Nc5 Ng6 18. Re1 Bb8 19.
Qe3 Re8 20. Bd4 Ne7 21. Bb2 Ng6 22. Bd4 Ne7 {Blauert,J-Grinfeld,A/Hamburg/1992/
}) 15... Bb8 16. a4 Nf5 17. Bc5 Re8 18. a5 f6 19. Rae1 fxe5 20. Nxe5 $16 {
Kengis,E-Lees,A/Vienna/1990/1:0/57/CBM-21/}) 15. Rac1 Rc8 (15... fxe5 16. Nxe5
Rf5 17. Qe2 Nxe5 18. Bxe5 Qh4 $6 (18... Bb5 19. Bd4 e5 20. Bxa7 Rxa7 21. Nd4 $1
$16) (18... Qg5 19. Bd4 Bb8 $6 (19... Bxd4 20. Nxd4 Rf6 21. Nf3 $14) (19... e5
20. Bxa7 Rxa7 21. Nc5 Bc8 (21... Bc6 22. f4 $1 Rxf4 (22... exf4 23. Qe6+ Kf8
24. Qd6+ $16) (22... Qe7 23. Rce1 b6 24. Nb3 e4 25. Nd4 Rf6 26. dxe4 dxe4 (
26... Qxe4 27. Qd2 Qg6 28. f5 $16) 27. Nxc6 Rxc6 28. Qxe4 Qxe4 29. Rxe4 Rc3 30.
a4 $14) 23. Ne6 Rxf1+ 24. Rxf1 $18) (21... Be8 22. f4 Qe7 (22... Rxf4 23. Ne6
Rxf1+ 24. Rxf1 $18) 23. Rce1 $16) 22. d4 $1 $14 (22. Ne4 Qd8 23. Nd6 Qxd6 24.
Rxc8+ Rf8 $10)) 20. Nc5 Bc8 (20... Qf4 21. g3 Qxd4 22. Nxd7 $16) (20... Bxh2+
21. Kxh2 Qh4+ 22. Kg1 Rh5 23. Qxh5 Qxh5 24. Nxd7 $18) 21. Nxe6 Bxh2+ 22. Kxh2
Qh4+ 23. Kg1 Rh5 24. f4 $18) 19. Rc7 Rd8 (19... Raf8 20. Rxd7 Rxf2 21. Rxg7+
Kh8 22. Rg4+ R2f6+ 23. Kh1 $18)) 16. Nc5 Bxc5 17. Rxc5 $14 fxe5 18. Nxe5 Nxe5
19. Bxe5 Rxc5 20. bxc5 Bc6 21. Bd4 Qh4 22. f4 Rf7 23. Qe3 Qe7 $6 (23... Qh6 $32
24. Rf3 Bb5 $14 25. Rg3 $22 Qxf4 26. Rxg7+ Kf8 27. Rxf7+ Qxf7 $10) 24. Rf3 h6
$6 25. Rg3 Kh7 26. h3 Bd7 27. Kh2 Be8 {(.)/} 28. Qe2 $1 $18 Kg8 29. Qg4 Qd7 30.
Be5 $1 (30. Qg6 Rxf4 31. Qxg7+ Qxg7 32. Bxg7 $16) 30... Re7 31. Bf6 $1 Rf7 32.
Qg6 Kf8 33. Be5 Kg8 34. Qxh6 Qe7 35. Rg4 Bb5 36. Qg6 Be8 37. Rg5 Rxf4 38. Qxg7+
Qxg7 39. Rxg7+ Kf8 40. Rxb7 Ra4 1-0

[Event "FIDE World Cup"]
[Site "Tromsoe"]
[Date "2013.08.13"]
[Round "1.4"]
[White "Adams, Michael"]
[Black "Wan, Yunguo"]
[Result "1-0"]
[WhiteElo "2740"]
[BlackElo "2512"]
[Annotator "Szabo,Kr"]
[PlyCount "45"]
[EventDate "2013.08.11"]
[EventType "k.o."]
[EventRounds "7"]
[EventCountry "NOR"]
[SourceTitle "CBM 156"]
[Source "ChessBase"]
[SourceDate "2013.09.17"]
[SourceVersion "1"]
[SourceVersionDate "2013.09.17"]
[SourceQuality "1"]

1. e4 e6 2. d4 d5 3. Nd2 c5 4. exd5 Qxd5 5. dxc5 Bxc5 6. Ngf3 Nf6 7. Bc4 Qc6 8.
Qe2 a6 (8... O-O) ({and} 8... Nbd7 {are the other lines.}) 9. Nb3 ({Five years
ago} 9. b3 {was played between two top players in a blitz game} b5 10. Bd3 Bb7
11. a4 b4 12. Nc4 Qc7 13. Bb2 Nbd7 14. O-O-O O-O 15. Nfe5 Nd5 (15... Nxe5 16.
Bxe5 Qe7 $11) 16. Nxd7 Qxd7 17. Na5 Rfe8 (17... Bc8 {is too risky, as} 18. Qh5
g6 19. Qf3 $16 {with dangerous threats on the dark squares.}) 18. Nxb7 Qxb7 {
(Svidler-Grischuk, Almaty blitz 2008)} 19. Qe4 $1 g6 20. h4 $40 {with a strong
attack.}) 9... Bd6 10. Bg5 $146 {A logical novelty. Adams puts his last minor
piece on a good square.} (10. Nbd4 Qc7 {is the typical reaction.} (10... Qe4 $6
{Usually the centre is not the best place for the Q in the openings.} 11. Be3
Bd7 12. O-O-O Bf4 {(Happe-Abromeit, DESC email 2001)} 13. Bd3 $1 Bxe3+ 14. fxe3
Qg4 15. Ne5 Qxe2 16. Bxe2 $36 {with a very hopeful endgame for White.})) 10...
Nbd7 11. Nbd4 Qc7 $2 {A decisive mistake. Probably Black underestimates
White's tactical blow!} ({Black should try to simplify with} 11... Qe4 {
, as he has a development disadvantage.} 12. Be3 {The ambitious reply.} ({
In the event of} 12. O-O-O Qxe2 13. Bxe2 Bc5 {with a nearly equal endgame.})
12... b5 (12... O-O 13. O-O-O b5 14. Ng5 Qb7 15. Bb3 {with some initiative for
White.}) 13. Bd3 Qb7 14. a4 b4 {and Black lookes nicely placed.}) 12. Nxe6 $1 {
Of course! Adams immediately finds the brilliant crushing sacrifice!} fxe6 13.
Qxe6+ Be7 $6 (13... Kd8 {gives better practical chances} 14. O-O-O Bf4+ 15. Kb1
Bxg5 16. Nxg5 Qc5 17. Nf7+ Kc7 18. Nxh8 Ne5 19. Rd5 $1 Bxe6 20. Rxc5+ Kd6 21.
Bxe6 ({or} 21. Rxe5 Bxc4 22. Rg5 Rxh8 23. Rxg7 $16) 21... Kxc5 22. Nf7 Nxf7 23.
Bxf7 $16 {and White is better, very near to winning.}) 14. Qf7+ Kd8 15. O-O-O
Rf8 16. Nd4 $1 {Another very smart attacking move.} Rxf7 17. Ne6+ Ke8 18. Nxc7+
Kf8 19. Bxf7 Ra7 20. Be6 b5 21. Nd5 Nb6 22. Bxf6 Bxf6 23. Bxc8 {Adams plays
the game confidently until the very end. A good achievement by him!} 1-0

[Event "Gibraltar Masters 15th"]
[Site "Caleta"]
[Date "2017.01.29"]
[Round "6"]
[White "Adams, Michael"]
[Black "Ju, Wenjun"]
[Result "1-0"]
[WhiteElo "2751"]
[BlackElo "2583"]
[Annotator "Szabo,Kr"]
[PlyCount "63"]
[EventDate "2017.01.24"]
[EventType "swiss"]
[EventRounds "10"]
[EventCountry "GGB"]
[SourceTitle "CBM 177"]
[Source "ChessBase"]
[SourceDate "2017.03.16"]
[SourceVersion "1"]
[SourceVersionDate "2017.03.16"]
[SourceQuality "1"]

1. e4 e6 2. d4 d5 3. Nd2 c5 4. exd5 Qxd5 5. dxc5 (5. Ngf3 {is the another main
move.}) 5... Qxc5 (5... Bxc5) ({and} 5... Nf6 {are far popular lines.}) 6. Ngf3
Nf6 7. Bd3 Be7 8. O-O Nbd7 9. a4 {Adams' favourite move.} (9. Qe2 {is the most
common continuation.}) 9... b6 $146 {The new move in the game.} ({A few month
ago Nisipeanu played} 9... Qc7 {against Adams,} 10. Nb3 O-O 11. a5 Ne5 12. Nxe5
Qxe5 13. Re1 Qc7 14. Bg5 Bd7 15. Nd4 Rad8 $11 {Adams-Nisipeanu, Baden Baden
2016, and a draw was soon agreed.}) 10. a5 b5 $2 {This is a mistake, because
the b5-pawn will be weak.} ({The natural} 10... O-O {was important,} 11. Nb3
Qc7 12. axb6 Nxb6 {with a balanced position.}) 11. Nb3 Qh5 (11... Qd5 12. a6
$16 {is also better for White.}) 12. a6 $1 $16 {A very nice positional move.
White has gained some space, moreover the b5-pawn becomes separated.} b4 (12...
O-O {could have been met by} 13. Nfd4 Qxd1 14. Rxd1 b4 15. Bb5 $18 {followed
by Nc6 and Black is in big trouble.}) 13. Be2 ({The smart} 13. Ra5 $5) ({or} 
13. Re1 {was also strong.}) 13... Nb6 14. Ra5 $1 $18 {White activates his rook
on the 5th rank.} Nbd5 15. Ng5 {The most ambitious reply.} ({The developing} 
15. Bg5 $18 {was also fine.}) 15... Qg6 16. Bd3 (16. Re1 O-O 17. Bd3 $18 {
is also winning for White.}) 16... Qh5 17. Bb5+ Kf8 18. Qxh5 Nxh5 {At first it
is strange for White to exchange the Qs, because the black king couldn't
castle. On the other hand the endgame is also great for White.} 19. Bc6 Rb8 20.
Bxd5 exd5 21. Be3 $1 {The a7-pawn is also an unpleasant weakness for Black.}
Ra8 22. Nd4 Bd8 23. Rxd5 Bb6 (23... Bxa6 24. Ra1 Bc4 25. Rc5 $18 {is also
hopeless for Black.}) 24. Ne4 f5 25. Nxf5 Bxa6 26. Rfd1 g6 27. Bh6+ Kf7 28.
Ng5+ Kf6 29. Rd6+ $1 Kxf5 30. R1d5+ Kg4 31. h3+ Kf4 32. Nf3+ {and Black can't
avoid the mate!} 1-0

[Event "Leiden op-A 9th"]
[Site "Leiden"]
[Date "2015.07.21"]
[Round "5"]
[White "Milov, Leonid"]
[Black "Tiviakov, Sergei"]
[Result "1/2-1/2"]
[WhiteElo "2462"]
[BlackElo "2639"]
[Annotator "Tiviakov,S"]
[PlyCount "49"]
[EventDate "2015.07.17"]
[EventType "swiss"]
[EventRounds "9"]
[EventCountry "NED"]
[SourceTitle "CBM 168"]
[Source "ChessBase"]
[SourceDate "2015.09.14"]
[SourceVersion "1"]
[SourceVersionDate "2015.09.14"]
[SourceQuality "1"]

1. e4 e6 2. d4 d5 3. Nc3 Nf6 {For the 3rd time in July I had to play this
system in my game against the German GM L. Milov at the tournament in Leiden.}
4. e5 Nfd7 5. Nf3 {In comparison with the line 5.f4 the text move is
relatively rarely played and doesn't have a reputation of being dangerous for
Black. But the variation has a considerable theoretical importance, since the
position after the move 7.Ned4 can appear from another system after a
completely different order of moves.} c5 6. Ne2 cxd4 (6... Nc6 7. c3 {is
another possibility for Black, leading the game to the structures more typical
for the 3.Nd2 Nf6 4.e5 Nfd7 French but with the bishop on f1 instead of d3
which should favour Black. And the position which hsd arisen should be equal.})
7. Nexd4 {Another order of moves to arrive here - 3.Nd2 c5 4.Ngf3 cxd4 5.Nxd4
Nf6 6.e5 Nfd7 7.N2f3.} Nc6 8. Bf4 Be7 {My opponent plays this system regularly,
so during my preparation I had to spend a considerable amount of time on
analysing a lot of sharp position where Black plays g7-g5, which in itself is
a risky move, making it without preparation can be dangerous.} 9. c3 ({Other
lines that I had to analyse were} 9. Be2 g5 10. Bg3 Qb6 $13 {with an unclear
position}) ({and} 9. Bd3 g5 10. Bg3 Qb6 $15 {with a slightly better position
for Black since the bishop on e2 stands better than on d3.}) 9... g5 {When
playing similar structures Black has to be careful, if White finishes his
development he can stand much better because of the control over the centre,
the space advantage and the possibilities to develop the attack on the black
king. Also Bc8 is bad. So the easiest method for Black to equalise here is to
try to win the pawn on e5, playing 9...g5 immediately using the fact that
White has not finished the development yet. Since the move 9...g5 leads to a
forced draw it is necessary to look at other alternatives to the text.} (9...
Nc5 10. Bd3 (10. Nb3 O-O 11. Nxc5 Bxc5 12. Bd3 f6 13. exf6 Qxf6 14. Bg5 Qf7 15.
Be3 Bxe3 16. fxe3 Qe7 17. Qc2 h6 18. O-O-O e5 19. e4 dxe4 20. Bxe4 Be6 21. Kb1
Rac8 22. Qa4 Rf4 23. Rhe1 Bf5 24. Ka1 Kh8 25. Qc2 Rxe4 26. Rxe4 Rd8 27. Rde1
Qd6 28. Qe2 Bxe4 29. Qxe4 Qd5 {1/2-1/2 Kunal,M-Grover,S/Puri 2010/CBM 138
Extra (29)}) (10. Be3 O-O 11. Be2 Nxd4 12. Bxd4 a5 13. O-O b6 14. Kh1 a4 15.
Qc2 Qc7 16. Rac1 Bb7 17. Qd2 Rfd8 18. Qe3 Ba6 19. Bxa6 Rxa6 20. g4 b5 21. Nd2
h6 22. Ra1 Rc6 23. f4 Ne4 24. Nxe4 dxe4 25. f5 Bc5 26. g5 exf5 27. Rxf5 Bxd4
28. cxd4 Qd7 29. Rf6 Rc3 30. gxh6 Qxd4 31. Qg5 {1-0 Lanka,Z-Duppel,M/Germany
2011/EXT 2012 (31)}) (10. Be2 O-O 11. O-O f6 12. c4 fxe5 13. Nxc6 bxc6 14. Bxe5
Nd7 15. Bg3 Qb6 16. Qc2 Bf6 17. Bd3 g6 18. cxd5 cxd5 19. Bc7 Qxb2 20. Qxb2 Bxb2
21. Rab1 Bf6 22. Rfe1 Nc5 23. Bb5 Ba6 24. Bd6 Rfc8 25. Bxa6 Nxa6 26. Rxe6 Kf7
27. Ree1 Rc6 28. Ne5+ Bxe5 29. Bxe5 Rb6 30. Bd4 Rb4 31. Rbd1 Re8 32. Rxe8 Kxe8
33. Bxa7 Ke7 34. a3 Rb3 35. Ra1 Kd6 36. f4 Rb2 37. h3 Ke6 38. Rc1 Kd6 39. Bd4
Ra2 40. Rc3 Kd7 41. Be5 h5 42. Rg3 Nc5 43. Rxg6 Ne4 44. Ra6 Ke7 45. f5 Re2 46.
Ra7+ Ke8 47. f6 Re1+ 48. Kh2 Rf1 49. f7+ Rxf7 50. Rxf7 Kxf7 51. a4 Ke6 52. a5
Kxe5 53. a6 d4 54. a7 d3 55. a8=Q d2 56. Qd8 Kf4 57. Qd3 h4 58. Kg1 Ke5 59. Kf1
Kf4 60. Qf3+ Ke5 61. Ke2 Kd4 62. Qd3+ Ke5 63. Ke3 Ng3 64. Kxd2 Nf5 65. Ke2 Kf4
66. Qf3+ Kg5 67. Qg4+ Kf6 68. Kf3 Ke5 69. Qf4+ Ke6 70. Kg4 {1-0 Oral,
T-Kristjansson,S/Reykjavik ISL 2002/Inforbase 2011 (70)}) 10... Nxd3+ 11. Qxd3
Bd7 12. O-O a6 13. Rfe1 h6 14. b4 O-O 15. a4 Qe8 16. a5 Nd8 17. Qd2 Kh7 18. Re3
Rc8 19. Ne1 f5 20. exf6 Bxf6 21. Nd3 Nc6 22. Nxc6 Rxc6 23. Be5 Qc8 24. Bxf6
Rxf6 25. Ne5 Rc7 26. Qd3+ Kg8 27. Rg3 Be8 28. Re1 Qd8 29. Qd4 Qd6 30. h3 Rf5
31. Ree3 Kh7 32. Rgf3 Rxf3 33. Rxf3 Kg8 34. Rg3 Qe7 35. Qb6 Rc8 36. Re3 Bc6 37.
Qd4 Be8 38. Qb6 Bc6 39. Qd4 Ba4 40. Rf3 Qc7 41. Rg3 {1/2-1/2 Shvayger,
Y-Eingorn,V/Cappelle la Grande 2014/CBM 159 Extra (41)}) (9... O-O 10. Bd3 Nc5
11. Bc2 f5 12. h4 (12. exf6 Bxf6 13. Be3 $14) 12... Ne4 13. h5 Bd7 14. Qe2 Rc8
15. g3 Nxd4 16. Nxd4 Qa5 17. O-O b5 18. a3 Qb6 19. Kg2 a5 20. f3 Ng5 21. Qe3
Bc5 22. Bxg5 Bxd4 23. Qd3 Bxe5 24. Rae1 Bf6 25. Be3 Qb7 26. Rd1 b4 27. Rfe1 Bb5
28. Qd2 bxc3 29. Qf2 cxb2 30. Bb1 Bc3 31. Rh1 Ba4 32. Rd3 e5 33. Bc5 d4 34.
Bxf8 Kxf8 35. Kh2 Bb5 36. Rdd1 Qf7 37. Kg2 Bc6 38. Rh4 Re8 39. Rf1 Kg8 40. Kh2
Qd7 41. g4 e4 42. fxe4 fxe4 43. g5 d3 44. Ba2+ Bd5 45. Bxd5+ Qxd5 46. Rxe4 Be5+
47. Kh3 b1=Q 48. Rxe5 Qxf1+ {0-1 Pedersen,B-Fredericia,L/Lyngby 1996/EXT 1999 
(48)}) ({And the move} 9... Qb6 $5 {I would recommend. After it, it is not so
clear how to get the advantage for White.} 10. Qc2 (10. Rb1) (10. Qc1) 10...
Nxd4 (10... h6) (10... Qc7) 11. Nxd4 O-O 12. Bd3 h6 13. O-O Nc5 14. Bh7+ Kh8
15. Be3 Qc7 16. b4 Na4 17. Bd3 Bd7 18. Bb5 Nb6 19. Bxd7 Qxd7 20. a3 Nc4 21. Bf4
Rfc8 22. Qd1 Bd8 23. a4 a6 24. Re1 b6 25. Qc2 b5 26. h3 Bb6 27. Nf3 a5 28. bxa5
Rxa5 29. axb5 Rxb5 30. Qd3 Rb2 31. Nd4 Ba5 32. Qg3 Rcb8 33. Red1 Bc7 34. h4 Qe8
35. h5 Ra8 36. Rxa8 Qxa8 37. Re1 Qa2 38. Nxe6 fxe6 39. Bxh6 gxh6 40. Qg6 Nxe5
41. Qxh6+ Kg8 42. Qxe6+ Kh7 43. Qe7+ Kh6 44. Qxc7 Re2 45. Rxe2 Qxe2 46. Qd6+
Kxh5 47. Qxd5 Kg6 48. Qe6+ Kg5 49. Qe7+ Kf5 50. Qh7+ Ke6 51. Qg8+ Kd7 52. Qd5+
Ke7 53. Qd4 Ke6 54. Qe3 Qd1+ 55. Kh2 Kf5 56. f3 Kf6 57. Qd4 Qc2 58. Qf4+ Ke6
59. Qe4 Qxe4 60. fxe4 Nd3 61. Kg3 Ke5 62. Kf3 Ne1+ 63. Ke3 Nxg2+ 64. Kd3 Nf4+
65. Ke3 Ng2+ 66. Kd3 Nf4+ 67. Ke3 Ng2+ {1/2-1/2 Hiarcs 7.32-Fritz 5.32/
Level=Blitz:45'. 1999/Computer & Internet 2011 (67)}) 10. Nxg5 $146 {The move
10.Nxg5 was played instantly. Somehow this natural move had completely escaped
my attention during the preparation.} ({I spent all the time looking at the
move} 10. Bg3 {as my opponent played it several months ago. I was able to find
advantage for Black in all lines afterwards! For example,} h5 (10... Qc7 11. h3
Nc5 12. Be2 Ne4 13. Bh2 Qb6 14. Qb3 Bd7 15. Qxb6 axb6 16. Nb5 O-O 17. O-O h5
18. Rfd1 g4 19. Nd2 g3 20. Nxe4 gxh2+ 21. Kxh2 Nxe5 22. Ng3 h4 23. Nh5 Rfc8 24.
Nd4 Ba4 25. Re1 Nc6 26. Nf3 Bc2 27. Kg1 Be4 28. a3 Kh8 29. Nh2 Rg8 30. Bf3 Bg6
31. Nf4 Bc2 32. Ng4 Bd6 33. Nh5 Rg5 34. Nhf6 Kg7 35. Bd1 Bg6 36. Nd7 Bc7 37. f4
Bxf4 38. Nxb6 Rd8 39. Kh1 Bg3 40. Re2 d4 41. cxd4 Bc7 42. Na4 Nxd4 43. Re3 Bf4
44. Re1 Bg3 45. Rg1 Bd3 46. Rc1 Bf4 47. Ra1 Nf5 48. Re1 Rd4 49. Kg1 Bg3 50. Nf2
Bxf2+ 51. Kxf2 Bb5 52. Nc3 Rd2+ 53. Be2 Bc6 54. Rg1 Ng3 55. Ke3 Rxe2+ 56. Nxe2
Re5+ 57. Kd4 Rxe2 58. b3 e5+ 59. Kc5 Bxg2 60. Rae1 Rxe1 61. Rxe1 Kf6 62. Rb1
Bxh3 63. Rb2 Bf1 64. Kb6 Be2 65. Rb1 h3 66. Rg1 h2 {0-1 Vendetta,
S-Lombard32F11,T/3m + 0s, rated 2008/Computer & Internet 2011 (66)}) 11. h4 (
11. h3 Nc5 12. Bd3 Qb6 13. b3 (13. O-O g4 14. hxg4 hxg4 15. Nh2 Bd7 16. Nxg4 (
16. Bc2 O-O-O $15) 16... Nxd4 17. cxd4 Nxd3 18. Qxd3 Bb5 19. Qc3 Bxf1 20. Rxf1
Kd7 $17 (20... Bb4 21. Nf6+ Kd8 22. Qe3 Qb5 23. Ra1 Rc8 24. Qg5 Kc7 25. Qg7 Kb8
26. Qxf7 Qc4 27. Rf1 Rh1+ 28. Kxh1 Qxf1+ 29. Kh2 Rh8+ 30. Nh5 Qb1 31. Kh3 Qf5+
{0-1 Milov,L-Piorun,K/Deizisau GER 2015/The Week in Chess 1064 (31)})) 13...
Bd7 $15 (13... Nxd3+ 14. Qxd3 Bd7 15. O-O g4 16. Nxc6 Qxc6 (16... bxc6 17. hxg4
hxg4 18. Nh2 Rh5 19. Nxg4 O-O-O 20. Rfd1 Rg8 21. Qf3 Rgh8 22. Nh2 Qd8 23. Qxf7
R8h7 24. Qf3 Qh8 $19) 17. Nd4 Qa6 18. Qxa6 bxa6 19. Bf4 Rc8 20. Rac1 gxh3 21.
gxh3 Ba3 22. Rc2 Rg8+ 23. Kh2 Bc5 24. Rd1 Bb6 25. Bg3 a5 26. a4 $11) 14. Nxc6
bxc6 15. O-O h4 16. Bh2 Nxd3 17. Qxd3 c5 18. Qe3 Rg8 19. Nd2 Bc6 20. c4 g4 $15)
11... g4 12. Nxc6 bxc6 13. Nd4 Qb6 14. b4 Ba6 $15 (14... Qc7 15. b5 cxb5 16.
Nxb5 Qa5 17. Qd4 Bc5 18. Qd2 Ba6 19. a4 Rc8 20. Bd3 Bxb5 21. Bxb5 Bb6 22. O-O
a6 23. Bxd7+ Kxd7 24. Rfb1 Rc7 25. Kh2 Kc8 26. Rb3 d4 27. Rc1 Rd8 28. Qb2 dxc3
29. Rbxc3 Rdd7 30. Rxc7+ Rxc7 31. Rb1 Rc6 32. Qa3 Bc5 33. Qd3 Qxa4 34. Qh7 Rb6
35. Qg8+ Kc7 36. Rc1 Qd4 37. Qxf7+ Kb8 38. Qxh5 a5 39. Qg6 Ba3 40. Qe8+ Ka7 41.
Rc8 Qe4 42. h5 Bb2 43. Rc5 Ka6 44. h6 Qb7 45. Qa4 {1-0 Tseitlin,M-Ponkratov,P/
St Petersburg 2014/EXT 2015 (45)}) 15. Bxa6 Qxa6 16. f4 (16. Qe2 Qxe2+ 17. Kxe2
Rc8 18. Rhc1 Nb6 19. Nb3 Nc4 $15) 16... c5 17. b5 Qa3 18. Ne2 c4 19. O-O Nc5
20. f5 Ne4 $17) 10... Nxd4 $8 {Having encountered a surprise on move 10 I sank
into thinking. Of course, I saw that the game could finish immediately in a
draw, but this is not the result you are hoping to achieve playing against
weaker opponent even with Black. So I started to look for the possibilities to
continue the fight....} (10... Bxg5 $2 11. Nxe6 fxe6 12. Qh5+ $18 {loses on
the spot.}) 11. Nxf7 $8 Nc2+ ({After the natural} 11... Kxf7 12. Qh5+ Kg8 13.
Qg4+ Kf7 14. Qh5+ $11 {the draw by repetition would be agreed.}) 12. Kd2 $8 (
12. Qxc2 {is not good for White, although with some compensation, it is not
fully enough.} Kxf7 $17) 12... Qb6 $6 ({And here I had to make the most
difficult decision of the game whether to accept the draw by} 12... Kxf7 13.
Qh5+ Kg8 14. Qg4+ Kf7 15. Qh5+ $11 {or continue fighting.... Objectively
speaking, the move chosen by me is incredibly risky but accepting a draw would
mean a loss of respect for myself, so I decided to play!}) 13. Kxc2 Qxf2+ (
13... Kxf7 14. Qh5+ Kg8 15. Qe8+ $16 {is not good for Black at all.}) 14. Be2
Qxf4 $8 {Again the only move.} ({After} 14... Kxf7 15. Rf1 $18 Qxg2 16. Rg1 Qf2
17. Qf1 $18 {Black loses.}) 15. Nxh8 Qxe5 {Here again I spent considerable
amount of time choosing between the text and 15...Qf5 or 15...Qe4+.} (15...
Nxe5 16. Bb5+ $18) ({Although Black manages to win the trapped Nh8, White
keeps slightly better chances after} 15... Qf5+ 16. Bd3 Qxe5 17. Qg4 (17. Re1
Qxh8 18. Rxe6 Nf6 19. Re3 $14 (19. Re5 $14)) 17... Qxh8 18. Qxe6 $14 {and
because of the black king stuck in the centre, White is slightly better -
Black has to be extremely careful!} Ne5 $140 19. Bb5+ Kd8 20. Qxd5+ Kc7 21.
Rhf1 $16) (15... Qe4+ 16. Bd3 Qxe5 {- 15...Bf5 16.Bd3 Be5}) 16. Bh5+ Kf8 17.
Qg4 ({The position after} 17. Rf1+ Nf6 18. Qg4 Bd7 $13 {is very unclear, so it
is understandable for my opponent to force the exchange of the queens, going
into an ending.}) 17... Qf5+ ({There is nothing else.} 17... Nf6 18. Raf1 {
is not good for Black,.}) 18. Qxf5+ exf5 19. Rae1 {Besides the text move White
had several alternatives which would not change the outcome of the game - a
draw.} ({For example,} 19. Rad1 Nf6 20. Bf7 f4 21. Bxd5 Bf5+ 22. Kc1 Bc5 23. b4
Be3+ 24. Kb2 Ke7 25. Bxb7 (25. Nf7 Nxd5 26. Rxd5 Be6 $17) 25... Rxh8 26. g3 Rb8
27. Bf3 Be6 28. gxf4 Bxf4 $11) (19. Rhe1 Nf6 20. Bf7 f4 $11) 19... Nf6 20. Bf7
Bd8 {Already short on time, I have decided to stick to the move I had selected
in the my earlier calculations.} ({But} 20... f4 $5 {deserved the most serious
attention as well. After} 21. Rhf1 (21. Be6 Bd8 22. g4 fxg3 23. hxg3 Kg7 24. g4
Kxh8 25. g5 Ng8 26. Bxc8 Rxc8 27. Re8 Kg7 28. Rf1 Ne7 29. Rff8 Nc6 30. Rg8+ Kf7
31. Kd3 Rb8 $11) 21... Bd6 22. Be6 Bc7 23. g3 (23. Rf3 Kg7 24. Bxc8 Rxc8 25.
Re6 Re8 26. Rxe8 Nxe8 27. Rf1 Bd6 28. Rd1 Nc7 29. c4 Kxh8 30. cxd5 Kg7 31. Kd3
Kf6 32. Ke4 Ne8 $15) 23... Kg7 24. gxf4 Kxh8 $11 {the position remains equal
although there Black can continue playing for a win. Too exhausted by the
previous course of the game requiring to calculate a lot, I missed this chance!
}) (20... Bc5 21. Rhf1 Kg7 22. Be6 Bxe6 23. Rxe6 Rxh8 24. Rxf5 Rf8 $14) 21.
Rhf1 Kg7 22. Be6 Bxe6 23. Rxe6 Kxh8 24. Rxf5 Kg7 {Now Black has no practical
chances to win, so I had no reason to reject the draw offer of my opponent on
the next move.} 25. h3 {And the draw was agreed here, bringing an end to a
very exciting game!} (25. g4 Nxg4 26. Rxd5 Kf7 27. Re1 Nf6 $11 {is equal as
well.}) 1/2-1/2